| 000 | 00876cam a22002532 4500 | ||
|---|---|---|---|
| 001 | 0000021522 | ||
| 005 | 20151217152234.0 | ||
| 008 | 120710s xx 000 0 eng d | ||
| 020 | _a0198257309 : | ||
| 040 |
_aKABU _cKABU |
||
| 100 | 1 |
_aCheng, Bin. _@0000182432 |
|
| 245 | 1 | 0 |
_aStudies in international space law / _cBin Cheng. |
| 250 | _a1st ed. | ||
| 260 |
_aOxford : _bClarendon Press, _c1997. |
||
| 300 | _alxviii, 798 p. | ||
| 650 | 0 |
_aSpace law. _@0000182433 |
|
| 852 | 1 | _9p14355 KES | |
| 852 | 1 | _9p14355 KES | |
| 852 | 1 | _9p14355 KES | |
| 852 | 1 | _9p14355 KES | |
| 852 | 1 | _9p14355 KES | |
| 908 | _a120710 | ||
| 950 | _@1 | ||
| 999 |
_c9705 _d9705 |
||